| 000 | 00850nam a2200241 i 4500 | ||
|---|---|---|---|
| 001 | 142526 | ||
| 003 | ES-MaACL | ||
| 005 | 20230906200539.0 | ||
| 007 | t| | ||
| 008 | 071005s1979 sp ||||1| spa d | ||
| 100 | 1 |
_aWittgenstein, Ludwig. _9117183 |
|
| 245 | 1 | 0 |
_aCartas a Russell, Keynes y Moore / _cLudwig Wittgenstein ; edición e introducción a cargo de G. von Wright con la colaboración de B.F. McGuinness ; [versión del inglés de Néstor Míguez]. |
| 260 |
_aMadrid : _bTaurus, _c[1979] |
||
| 300 |
_a181 p. ; _c21 cm. |
||
| 490 | 1 |
_aEnsayistas ; _v165 |
|
| 700 | 1 |
_aWright, G. H. von. _9117408 |
|
| 700 | 1 |
_aMcGuinness, B. F. _979574 |
|
| 700 | 1 |
_aMíguez, Néstor. _981054 |
|
| 830 | 0 |
_aEnsayistas ; _v165 _9177257 |
|
| 852 |
_aES-MaACL _jA-10159 _bR.99577 |
||
| 852 |
_aES-MaACL _jA-10351 _bR.99402 |
||
| 999 |
_c142526 _d142526 |
||